| 000 | 00947nam a22001815i 4500 | ||
|---|---|---|---|
| 001 | 168257 | ||
| 003 | ES-MaACL | ||
| 005 | 20230906213730.0 | ||
| 008 | 020304s1867 sp |||| | spa d | ||
| 040 |
_aCAM _bspa _cCAM |
||
| 100 | 1 |
_aZumel, Enrique. _9118492 |
|
| 245 | 1 | 0 |
_aLo que está de Dios... _b: juguete cómico en tres actos y en verso / _coriginal de Enrique Zumel. |
| 260 |
_aMadrid : _b[s.n.], _c1867 ( _fImprenta de José Rodriguez) |
||
| 300 |
_a84 p. ; _c20 cm. |
||
| 500 | _aEn port.: Representado por primera vez en el teatro del Príncipe, la noche del 9 de diciembre de 1867. | ||
| 596 | _aEn verso de la port. consta: "... Galerias Dramática y Líricas de Gullon é Hidalgo ..." | ||
| 852 |
_aES-MaACL _jF-8573(8) _z-- Enc. pasta española, falto de la enc. original _z-- Dedicatoria ms. del autor a Gustavo Saínz [i.e. Saínz] Díez _z-- Enc. en un vol. facticio formando parta de la Col. "Teatro español moderno" vol. 26 |
||
| 999 |
_c168257 _d168257 |
||